| 000 | 00000nam##2200000za#4500 |
| 001 | 9.700137 |
| 003 | CaOODSP |
| 005 | 20210625000710 |
| 007 | cr ||||||||||| |
| 008 | 150407|2015||||xxc|||||o f|0| 0 eng|d |
| 020 | |a978-1-100-25393-0 |
| 040 | |aCaOODSP|beng |
| 043 | |an-cn--- |
| 086 | 1 |aCS99-002/2015-1E-PDF |
| 245 | 00|aSampling and weighting technical report : |h[electronic resource]|bNational Household Survey, 2011 |
| 260 | |aOttawa - Ontario : |bStatistics Canada |cc2015. |
| 300 | |a53p.|bfigs., glossary, graphs, tables |
| 504 | |aBibliography. |
| 590 | |a15-05|b2015-01-30 |
| 710 | 2 |aStatistics Canada. |
| 775 | 08|tRapport technique sur l'échantillonnage et la pondération : |w(CaOODSP)9.644037 |
| 856 | 40|ahttp://publications.gc.ca|qPDF|s1519 KB|uhttps://publications.gc.ca/collections/collection_2015/statcan/99-002-x/99-002-x2011001-eng.pdf |